Χάρρυ Σ. Τρούμαν : 33ος Πρόεδρος των Η.Π.Α.

Αποθηκεύτηκε σε:
Λεπτομέρειες βιβλιογραφικής εγγραφής
Συγγραφή απο Οργανισμό/Αρχή: Αμερικανική Υπηρεσία Πληροφοριών
Μορφή: Βιβλίο
Γλώσσα:Greek
Δημοσίευση: [Χ.τ.] : [χ.ό.], [19--].
Θέματα:
Διαθέσιμο Online:http://hdl.handle.net/11610/16580
Ετικέτες: Προσθήκη ετικέτας
Δεν υπάρχουν, Καταχωρήστε ετικέτα πρώτοι!

MARC

LEADER 00000cam a2200000 i 4500
001 1/60410
008 141127q19uu gr | ||| |||| ||gre||
035 |l 10119867 
040 |a GR-MyUA  |b gre  |e AACR2 
041 0 |a gre 
082 0 |a 973.918092  |2 (23) 
245 1 0 |a Χάρρυ Σ. Τρούμαν :   |b 33ος Πρόεδρος των Η.Π.Α.  
260 |a [Χ.τ.] :   |b [χ.ό.],   |c [19--].  
300 |a 15 σ. :   |b εικ. ;   |c 27 εκ.  
500 |a Υπάρχει ψηφιακό αντίγραφο.  
600 1 0 |a Truman Harry S.,   |d 1884-1972. 
650 0 0 |a Presidents  |z United States  |x Biography. 
710 2 |a Αμερικανική Υπηρεσία Πληροφοριών. 
852 |a INST  |b SAMOS  |c PORFYRIADA  |e 20141127  |h 973.91809 ΧΑΡ  |p 005300040822  |q 005300040822  |t NOLOAN  |y 23 
856 |u http://hdl.handle.net/11610/16580 
901 |a BIBL3-2014-3 
909 |a Σ  |b 185426 
970 |a ΚΟΣΙΕΡΗΣ  |b ΧΡΗΣΤΟΣ  |z 2014/11/27